Nonsense rhyme

Bibliographic Details
Main Author: Lear, Edward
Other Authors: Lawrence, John (illustrated)
Format: Book
Published: Loughborough : Ladybirds Books Ltd , 1995
Series:Classic Verse
Subjects:

MARC

LEADER 00000cam a2200000 7i4500
001 0000008207
005 20071009.0
020 |a 0721417566 
090 0 0 |a JF   |b CLA 
100 1 |a Lear, Edward 
245 1 0 |a Nonsense rhyme   |c Edward Lear ; illustrated by John Lawrence 
260 |a Loughborough :   |b Ladybirds Books Ltd ,   |c 1995 
300 |b 51p. :   |b ill. ;   |c 18cm. 
490 0 |a Classic Verse 
650 0 0 |a Children's stories 
700 1 |a Lawrence, John ,   |e illustrated 
999 |a 052377   |b BUKU   |c PINJAMAN   |e PERPUSTAKAAN KOMUNITI PETALING JAYA 
999 |a 052378   |b BUKU   |c PINJAMAN   |e PERPUSTAKAAN KOMUNITI PETALING JAYA 
999 |a 055534   |b BUKU   |c PINJAMAN   |e PERPUSTAKAAN KOMUNITI CAW KOTA DAMANSARA 
999 |a 124185   |b BUKU   |c PINJAMAN   |e PERPUSTAKAAN KOMUNITI PETALING JAYA 
999 |a 124186   |b BUKU   |c PINJAMAN   |e PERPUSTAKAAN KOMUNITI PETALING JAYA